El control de gestión /
Guardado en:
| Autor Principal: | |
|---|---|
| Formato: | Libro |
| Idioma: | Spanish French |
| Publicado: |
Madrid :
Ibérico Europea de Ediciones,
c1967.
|
| Series: | Empresa Moderna
|
| Materias: | |
| Etiquetas: |
Agregar Etiqueta
Sin Etiquetas, Sea el primero en etiquetar este registro!
|
| LEADER | 01033nam a22002771a 4500 | ||
|---|---|---|---|
| 001 | EAD.ead000102 | ||
| 008 | 920725s1967####sp#a################spa## | ||
| 005 | 20140618085637.0 | ||
| 245 | 1 | 3 | |a El control de gestión / |c P. Lauzel ; traductor, P. Larrea. |
| 260 | |a Madrid : |b Ibérico Europea de Ediciones, |c c1967. | ||
| 300 | |a 2 v. : |b il. ; |c 22 cm. | ||
| 490 | 0 | |a Empresa Moderna | |
| 500 | |a Traducción de: Comptabilité analytique et contrôle de gestion, 2a. ed. | ||
| 505 | 0 | |a v. 1. La contabilidad analítica y marginal. - v. 2. El control presupuestario y la información en la dirección. | |
| 100 | 1 | |a Lauzel, Pierre. | |
| 830 | 0 | |a Empresa Moderna | |
| 082 | 0 | 4 | |a 658.4013 |2 21 |
| 650 | 7 | |a Control de la gestión. |2 isoc | |
| 650 | 0 | 7 | |a Costos. |2 unbist |
| 650 | 0 | 7 | |a Presupuestación |2 unbist |
| 010 | |z IND9200494018 | ||
| 019 | |a M 3811-1968 | ||
| 040 | |a M-BN |b spa |c A2 | ||
| 041 | 1 | |a spa |h fre | |
| 859 | |a AR-BaBDC |b BIB. ADMINISTRACION - Libros |h 658.4013 |i L376 |p b00379 |v 1 |3 Vol. 1 | ||
| 859 | |a AR-BaBDC |h 658.4013 |i L376 |v 2 |3 Vol. 2 | ||
